Statystyki dla NAJwiększy...

Kliknij tutaj aby rozwiązać quiz!

Ogólne statystyki

  • Ten quiz został rozwiązany 51 razy
  • Średni wynik to 11 z 24

Statystyki odpowiedzi

PytanieWagaWysokość/DługośćOdpowiedź% Poprawnych
Największy kraj w ameryce
południowej
NIEZNANA8 510 000 km²Brazylia
83%
Największy kraj w Azji
(Nie zaliczam Rosji)
NIEZNANA9 597 000 km²Chiny
81%
Największy kraj w AustraliiNIEZNANA7 688 000 km²Australia
79%
Największy kraj w Ameryce PółnocnejNIEZNANA9 985 000 km²Kanada
79%
Największy ssak150 ton23 mPłetwal Błękitny
79%
Największy kraj na świecieNIEZNANA17 100 000 km²Rosja
79%
Największa planeta układu słonecznego1,898E27 kg6,142E10 km²Jowisz
69%
Największa wyspa świataNIEZNANA2 166 086 km²Grenlandia
63%
Największy ssak lądowy5 ton6 mSłoń Afrykański
58%
Największy kraj w AfryceNIEZNANA2 382 000 km²Algieria
56%
Największa rzeka na świecieNIEZNALAZŁEM6 400 kmAmazonka
56%
Największe miasto na świecieNIEZNANA2 940 km²Tokio
48%
Największe jezioro na świecieNIEZNALAZŁEM371 800 km²Morze Kaspijskie
44%
Największy ptak100 kg2,8 mStruś
44%
Największy gad1 tona6 mKrokodyl Różańcowy
38%
Największy budynek na świecieok. 500 000 ton828 mBurj Khalifa
27%
Największy dinozaur w historii
(mamy w posiadaniu mały fragment
tego dinozaura dlatego powinno
się obchodzic tę dane wielkimi
krokami)
70 ton35 mArgentynozaur
15%
Największa Kałamarnica na świecie200 kg14 mKałamarnica Kolosalna
15%
Największy księżyc układu słonecznegoNEZNALAZŁEM8,7E70 km²Ganimedes
13%
Największa Salamandra świata26 kg1,44 mSalamandra Olbrzymia Japońska
10%
Największa bakteriaNIEZNALAZŁEM2 cmThiomargarita Magnifica
8%
Największy stawonóg na świecie20 kg120 cmJapoński Krab Pacyficzny
6%
Największy człowiek w historii222 kg272 cmRobert Wadlow
6%
Największa jaskinia na świecieNIEZNANA9 kmSon Doong
2%

Rozkład punktacji

Percentyl według liczby udzielonych odpowiedzi

Procent ludzi z każdym wynikiem

Twoja historia wyników

Nie rozwiązałeś tego quizu